<?xml version="1.0" encoding="UTF-8"?>
<collection xmlns:xsi="http://www.w3.org/2001/XMLSchema-instance" xsi:schemaLocation="http://www.loc.gov/MARC21/slim http://www.loc.gov/standards/marcxml/schema/MARC21slim.xsd" xmlns="http://www.loc.gov/MARC21/slim">
 <record>
  <leader>00000nam a22000004a 4500</leader>
  <controlfield tag="001">UP-8027390931312024236</controlfield>
  <controlfield tag="003">Buklod</controlfield>
  <controlfield tag="005">20260113085004.0</controlfield>
  <controlfield tag="006">m    |o  d |      </controlfield>
  <controlfield tag="007">ta</controlfield>
  <controlfield tag="008">250618s2023    xxu     r    |||| u|eng d</controlfield>
  <datafield tag="020" ind1=" " ind2=" ">
   <subfield code="a">9781350326118</subfield>
   <subfield code="a">paperback</subfield>
  </datafield>
  <datafield tag="037" ind1=" " ind2=" ">
   <subfield code="a">Ar-6976</subfield>
   <subfield code="b">Fastbook, Php 2,143.00</subfield>
  </datafield>
  <datafield tag="040" ind1=" " ind2=" ">
   <subfield code="a">DLC</subfield>
   <subfield code="d">DARC</subfield>
   <subfield code="e">rda</subfield>
  </datafield>
  <datafield tag="041" ind1=" " ind2=" ">
   <subfield code="a">eng</subfield>
  </datafield>
  <datafield tag="090" ind1=" " ind2=" ">
   <subfield code="a">NA 2500 </subfield>
   <subfield code="b">J37 2023</subfield>
  </datafield>
  <datafield tag="100" ind1="1" ind2=" ">
   <subfield code="a">Jarzombek, Mark, </subfield>
   <subfield code="e">author.</subfield>
  </datafield>
  <datafield tag="245" ind1="1" ind2="0">
   <subfield code="a">Architecture constructed</subfield>
   <subfield code="b">notes on a discipline </subfield>
   <subfield code="c">Mark Jarzombek.</subfield>
  </datafield>
  <datafield tag="264" ind1=" " ind2="1">
   <subfield code="a">London ;New York</subfield>
   <subfield code="b">Bloomsbury Visual Arts, </subfield>
   <subfield code="c">2023.</subfield>
  </datafield>
  <datafield tag="336" ind1=" " ind2=" ">
   <subfield code="a">text</subfield>
   <subfield code="2">rdacontent</subfield>
  </datafield>
  <datafield tag="337" ind1=" " ind2=" ">
   <subfield code="a">unmediated</subfield>
   <subfield code="2">rdamedia</subfield>
  </datafield>
  <datafield tag="338" ind1=" " ind2=" ">
   <subfield code="a">volume</subfield>
   <subfield code="2">rdacarrier</subfield>
  </datafield>
  <datafield tag="504" ind1=" " ind2=" ">
   <subfield code="a">Includes bibliographical references and index.</subfield>
  </datafield>
  <datafield tag="520" ind1=" " ind2=" ">
   <subfield code="a">&quot;Archi-Tect explores the central, open secret of architecture: the long-suppressed conflict between arche and teckton-between those who design, and those who build. This unresolved tension has a centuries-old history in the discipline, persisting through Classical and Renaissance times to the present day, and yet it has rarely been addressed through a historical and theoretical lens. In this book, acclaimed architectural theorist Mark Jarzombek examines this tension head-on, and uses it to rethink the nature of the history of architecture. He reveals architecture to be a troubled, interconnected realm, incomplete and unstable, where labor, craft, and occupation are the 'invisible' complements to the work of the architect. Erudite, entertaining, and full of surprising and thought-provoking juxtapositions and challenges, Archi-Tect is packed with novel insights into the internal conflicts and paradoxes of architecture, and is rich with examples from modern and contemporary practice-including Mies, Koolhaas, Potrc, Hadid, Bawa, Diller + Scofidio-which demonstrate how contemporary architecture inhabits the very same tensions that have riven the discipline since the days of Alberti. This provocative book will stimulate conversations among students, researchers, and designers, as it pushes the boundaries on how we define the professional discipline of architecture and overturns entrenched assumptions about the nature of architectural history and theory&quot; </subfield>
   <subfield code="c">Provided by publisher.</subfield>
  </datafield>
  <datafield tag="650" ind1=" " ind2="0">
   <subfield code="a">Architecture </subfield>
   <subfield code="x">Philosophy.</subfield>
  </datafield>
  <datafield tag="650" ind1=" " ind2="0">
   <subfield code="a">Building </subfield>
   <subfield code="x">Philosophy.</subfield>
  </datafield>
  <datafield tag="905" ind1=" " ind2=" ">
   <subfield code="a">FO</subfield>
  </datafield>
  <datafield tag="852" ind1="0" ind2=" ">
   <subfield code="a">UPD</subfield>
   <subfield code="b">DARC</subfield>
   <subfield code="h">NA 2500</subfield>
   <subfield code="i">J37 2023</subfield>
  </datafield>
  <datafield tag="942" ind1=" " ind2=" ">
   <subfield code="a">Book</subfield>
  </datafield>
 </record>
</collection>
